Top Goalscorers for Atalanta in European Competition - Statistics

General Stats
  • This quiz has been taken 48 times
  • The average score is 8 of 10
Answer Stats
# Goals Games Years Nat. Answer % Correct
3 7 15 2023- 🇳🇬 Ademola Lookman
95%
2 11 23 2017-2022 🇸🇮 Josip Iličič
95%
4 7 21 2019-2022 🇨🇴 Duván Zapata
89%
1 12 28 2019-2024 🇨🇴 Luis Muriel
89%
9 4 22 2017-2021 🇦🇷 Papu Gómez
82%
6 5 23 2019-2022 🇺🇦 Ruslan Malinovskiy
73%
10 4 39 2019- 🇦🇱 Berat Djimsiti
70%
7 5 38 2019- 🇭🇷 Mario Pašalić
70%
8 4 20 2017-2022 🇩🇪 Robin Gosens
70%
5 6 11 2023/24 🇮🇹 Gianluca Scamacca
68%
No matching quizzes found
Score Distribution
Percent of People with Each Score
Percentile by Number Answered
Your Score History
You have not taken this quiz